Iran : (Record no. 15820)

000 -LEADER
fixed length control field 02294nam a2200289 a 4500
001 - CONTROL NUMBER
control field ASIN0415636906
005 - DATE AND TIME OF LATEST TRANSACTION
control field 20170105102926.0
008 - FIXED-LENGTH DATA ELEMENTS--GENERAL INFORMATION
fixed length control field 131212s2013 xxu eng d
020 ## - INTERNATIONAL STANDARD BOOK NUMBER
International Standard Book Number 0415636906 (paperback)
Terms of availability $50.95
020 ## - INTERNATIONAL STANDARD BOOK NUMBER
International Standard Book Number 9780415636902 (paperback)
040 ## - CATALOGING SOURCE
Original cataloging agency 0
050 04 - LIBRARY OF CONGRESS CALL NUMBER
Classification number DS266
082 04 - DEWEY DECIMAL CLASSIFICATION NUMBER
Classification number 955
Author Mark KAT 2013
100 1# - MAIN ENTRY--PERSONAL NAME
Personal name Katouzian, Homa.
245 10 - TITLE STATEMENT
Title Iran :
Remainder of title politics, history and literature /
Statement of responsibility, etc. Homa Katouzian.
260 ## - PUBLICATION, DISTRIBUTION, ETC.
Place of publication, distribution, etc. [S.l.] :
Name of publisher, distributor, etc. Routledge,
Date of publication, distribution, etc. 2013.
300 ## - PHYSICAL DESCRIPTION
Extent 336 p. ;
Dimensions 24 cm.
490 1# - SERIES STATEMENT
Series statement Iranian studies.
520 ## - SUMMARY, ETC.
Summary, etc. This book offers a view of Iran through politics, history and literature, showing how the three angles combine. Iran, being a revolutionary society, experienced two great revolutions within the short span of just seventy years, from the 1900s to the 1970s. Both were massive revolts of the society against the state; the main objective of the first being to establish lawful government to make modernisation possible, and the second, to overthrow the absolute and arbitrary state, though this time mainly under the banner of religion and Marxism-Leninism and anti-Westernism. Neither of them succeeded in their lofty ideals for reasons that are explained and analysed within. The author also offers a detailed description of Iran’s short-term society, examining the political and intellectual lives of two of the most remarkable intellectuals-cum-politicians of the twentieth century. This book provides an overview of modern Persian literature, both poetry and prose, and discusses the works of three of the most remarkable Persian poets and writers of the period. It considers classical Persian literature through the great variety of its form and substance, and neo-classical literary developments in the nineteenth century, covering the whole history of Persian literature. This is crowned in the last chapter by the love poetry of one of the greatest Persian poets. Iran will be of interest to students and scholars of Iranian studies and Middle East Politics.
650 #0 - SUBJECT ADDED ENTRY--TOPICAL TERM
Topical term or geographic name entry element Civilization
650 #0 - SUBJECT ADDED ENTRY--TOPICAL TERM
Topical term or geographic name entry element Iran
650 #0 - SUBJECT ADDED ENTRY--TOPICAL TERM
Topical term or geographic name entry element Persian literature
650 #0 - SUBJECT ADDED ENTRY--TOPICAL TERM
Topical term or geographic name entry element Political science
830 #0 - SERIES ADDED ENTRY--UNIFORM TITLE
Uniform title Iranian studies.
856 40 - ELECTRONIC LOCATION AND ACCESS
Materials specified Amazon.com
Uniform Resource Identifier <a href="http://www.amazon.com/exec/obidos/ASIN/0415636906/chopaconline-20">http://www.amazon.com/exec/obidos/ASIN/0415636906/chopaconline-20</a>
942 ## - ADDED ENTRY ELEMENTS (KOHA)
Source of classification or shelving scheme
Koha item type Book
Holdings
Withdrawn status Lost status Damaged status Not for loan Collection code Permanent Location Current Location Shelving location Date acquired Total Checkouts Full call number Barcode Date last seen Date last checked out Price effective from Koha item type
          Centre for International Peace & Stability (CIPS) Centre for International Peace & Stability (CIPS) General Stacks 10/02/2013 1 955 KAT 2013 CIPS0001822 12/29/2025 12/08/2025 12/12/2013 Book
© 2023 Central Library, National University of Sciences and Technology. All Rights Reserved.